000 00845nmm a2200265 a 4500
001 ocm0001299368
003 TR-IsHL
005 20201028161744.0
008 160715s2015 tu tur
007 cr cn
020 _a9789755203249
035 _a1299368
_b(N$T)
050 0 4 _aHM606.T8
_bY35 2015
090 0 4 _aHM606.T8
_bY35 2015
100 1 _aYaka, Aydın
245 1 0 _aSosyoloji yazıları: Çatışma kültüründen uzlaşma kültürüne
_h[electronic resource] /
_cAydın Yaka
260 _aİstanbul :
_bGündoğan Yayınları,
_c2015
300 _a402 p.
650 4 _aSosyoloji
650 4 _aSociology
650 0 _aSosyoloji
650 0 _aSociology
650 7 _aSOCIAL SCIENCE / Sociology / General
_2bisacsh
856 4 0 _uhttp://search.ebscohost.com/login.aspx?direct=true&scope=site&db=e011xww&AN=1299368
999 _c14316
_d14316